| 000 | 00596cam a2200157 4500500 | ||
|---|---|---|---|
| 005 | 20260405004015.0 | ||
| 041 | _afre | ||
| 042 | _adc | ||
| 100 | 1 | 0 |
_aPortevin, Catherine _eauthor |
| 700 | 1 | 0 |
_aBrenders, Pauline _eauthor |
| 245 | 0 | 0 | _aEnzo Traverso : "Pour Arendt, le totalitarisme est la négation de la politique" |
| 260 | _c2016. | ||
| 500 | _a86 | ||
| 786 | 0 | _nPhilosophie magazine - Hors séries | Hors-série Pritemps 2016 | HS28 | 2016-04-01 | p. 5-6 | 2104-9246 | |
| 856 | 4 | 1 | _uhttps://shs.cairn.info/magazine-philosophie-magazine-2016-hs28-page-5?lang=fr&redirect-ssocas=7080 |
| 999 |
_c2072858 _d2072858 |
||